TERNAKAN KETAM NIPAH = (Record no. 182279)
[ view plain ]
| 000 -LEADER | |
|---|---|
| fixed length control field | 01033nam a22003131i 4500 |
| 003 - CONTROL NUMBER IDENTIFIER | |
| control field | OSt |
| 005 - DATE AND TIME OF LATEST TRANSACTION | |
| control field | 20210321151659.0 |
| 008 - FIXED-LENGTH DATA ELEMENTS--GENERAL INFORMATION | |
| fixed length control field | 210225t20192019my d|||gr|||||001 0 may d |
| 020 ## - INTERNATIONAL STANDARD BOOK NUMBER | |
| International Standard Book Number | 9789672229629 |
| Terms of availability | RM 70.00 |
| Qualifying information | paperback |
| 040 ## - CATALOGING SOURCE | |
| Original cataloging agency | PPAK |
| Language of cataloging | eng |
| Transcribing agency | PPAK |
| Description conventions | rda |
| 082 04 - DEWEY DECIMAL CLASSIFICATION NUMBER | |
| Edition number | 23 |
| Classification number | 639.6609595 |
| 090 ## - LOCALLY ASSIGNED LC-TYPE CALL NUMBER (OCLC); LOCAL CALL NUMBER (RLIN) | |
| Classification number (OCLC) (R) ; Classification number, CALL (RLIN) (NR) | 639.6609595 |
| Feature heading | LEE |
| Feature heading | R |
| 100 0# - MAIN ENTRY--PERSONAL NAME | |
| Personal name | Lee, Seong Wei |
| Titles and words associated with a name | Prof. Madya, Dr., |
| Relator term | author. |
| 245 10 - TITLE STATEMENT | |
| Title | TERNAKAN KETAM NIPAH = |
| Remainder of title | MUD CRAB FARMING / |
| Statement of responsibility, etc. | Lee Seong Wei. |
| 246 11 - VARYING FORM OF TITLE | |
| Title proper/short title | Mud crab farming |
| 264 #1 - PRODUCTION, PUBLICATION, DISTRIBUTION, MANUFACTURE, AND COPYRIGHT NOTICE | |
| Place of production, publication, distribution, manufacture | Kota Bharu, Kelantan : |
| Name of producer, publisher, distributor, manufacturer | Penerbit UMK, |
| Date of production, publication, distribution, manufacture, or copyright notice | 2019 |
| Date of production, publication, distribution, manufacture, or copyright notice | ©2019 |
| 300 ## - PHYSICAL DESCRIPTION | |
| Extent | xii, 109 pages : |
| Other physical details | colour photographs ; |
| Dimensions | 21 cm |
| 336 ## - CONTENT TYPE | |
| Content type term | text |
| Source | rdacontent |
| Content type term | still image |
| Source | rdacontent |
| 337 ## - MEDIA TYPE | |
| Media type term | unmediated |
| Source | rdamedia |
| 338 ## - CARRIER TYPE | |
| Source | rdacarrier |
| Carrier type term | volume |
| 504 ## - BIBLIOGRAPHY, ETC. NOTE | |
| Bibliography, etc. note | Includes index and bibliographies page : 103-104. |
| 546 ## - LANGUAGE NOTE | |
| Language note | Text in Malay and English. |
| 650 10 - SUBJECT ADDED ENTRY--TOPICAL TERM | |
| Topical term or geographic name entry element | Scylla serrata |
| Geographic subdivision | Malaysia. |
| Topical term or geographic name entry element | Crab culture |
| Geographic subdivision | Malaysia. |
| Topical term or geographic name entry element | Government publications |
| Geographic subdivision | Malaysia |
| 942 ## - ADDED ENTRY ELEMENTS (KOHA) | |
| Source of classification or shelving scheme | Dewey Decimal Classification |
| Koha item type | Book |
| Withdrawn | Not for loan | Current library | Shelving location | Date acquired | Full call number | Barcode | Date last seen | Koha item type |
|---|---|---|---|---|---|---|---|---|
| Not For Loan | Perpustakaan Alor Setar | Rujukan Dewasa | 20/04/2021 | R 639.6609595 LEE | A01685278 | 20/04/2021 | Book | |
| Not For Loan | Perpustakaan Awam Sungai Petani | Rujukan Dewasa | 20/04/2021 | R 639.6609595 LEE | A01685279 | 20/04/2021 | Book | |
| Not For Loan | Perpustakaan Baling | Rujukan Dewasa | 20/04/2021 | R 639.6609595 LEE | A01685281 | 20/04/2021 | Book | |
| Not For Loan | Perpustakaan Bandar Baharu | Rujukan Dewasa | 20/04/2021 | R 639.6609595 LEE | A01685282 | 20/04/2021 | Book | |
| Not For Loan | Perpustakaan Kulim | Rujukan Dewasa | 20/04/2021 | R 639.6609595 LEE | A01685280 | 20/04/2021 | Book | |
| Not For Loan | Perpustakaan Merbok | Rujukan Dewasa | 20/04/2021 | R 639.6609595 LEE | A01685283 | 20/04/2021 | Book | |
| Not For Loan | Perpustakaan Yan | Rujukan Dewasa | 20/04/2021 | R 639.6609595 LEE | A01685284 | 20/04/2021 | Book |